Top 10 Países más Septentrionales en África - Estadísticas

Estadísticas generales
  • Esta prueba ha sido intentada 3.238 veces
  • La puntuación promedio es 9 de 10
Estadísticas de respuestas
Latitud País % Correcto
31°36'N Egipto
98%
35°55'N Marruecos
98%
37°05'N Argelia
97%
33°10'N Libia
96%
37°31'N Túnez
96%
22°12'N Sudán
95%
23°26'N Chad
94%
23°31'N Malí
92%
27°19'N Mauritania
92%
23°31'N Níger
90%
No se encontraron pruebas coincidentes
Distribución de puntuación
Porcentaje de gente con cada puntuación
Porcentaje por número respondido
Historial de tus puntuaciones
No has intentado esta prueba.